Timeline of Tallest Buildings in New York City - Statistics

General Stats
  • This quiz has been taken 23 times
  • The average score is 4 of 13
Answer Stats
Years Height (ft) Building % Correct
1931-1971, 2001-2012 1,250 Empire State Building
100%
2012-present 1,776 One World Trade Center
100%
1930-1931 1,046 Chrysler Building
67%
1971-2001 (destroyed) 1,368 1 World Trade Center
44%
1913-1929 792 Woolworth Building
17%
1929-1930 927 Bank of Manhattan Trust Building
11%
1853-1854 (shortened) 315 Latting Observatory
11%
1899-1908 391 Park Row Building
11%
1908-1909 612 Singer Building
11%
1846-1853,1854-1890 279 Trinity Church
11%
1894-1899 348 Manhattan Life Insurance Building
6%
1909-1913 700 Metropolitan Life Insurance Company Tower
6%
1890-1894 309 World Building
6%
No matching quizzes found
Score Distribution
Percent of People with Each Score
Percentile by Number Answered
Your Score History
You have not taken this quiz